| 000 | 00639nam a2200157Ia 4500 | ||
|---|---|---|---|
| 008 | 240428s9999||||xx |||||||||||||| ||und|| | ||
| 041 | _aeng | ||
| 082 | _aBR/DIR/20 | ||
| 100 | _aCommittee on Constitutional, Legal and Parliamentary Affairs | ||
| 245 | 0 | _aReport Of The Committee on Constitutional, Legal And Parliamentary Affairs on the Determination Of The Urgency or Otherwise of the Imposition of Restrictions Bill, 2020 | |
| 260 |
_bCommittee on Constitutional, Legal and Parliamentary Affairs _aAccra _c2020 |
||
| 300 | _a3p. | ||
| 650 | _a - Otherwise of the Imposition of Restrictions Bill, 2020 | ||
| 942 | _cBRC | ||
| 999 |
_c1649 _d1649 |
||